<?xml version="1.0" encoding="UTF-8"?>
<record
    xmlns:xsi="http://www.w3.org/2001/XMLSchema-instance"
    xsi:schemaLocation="http://www.loc.gov/MARC21/slim http://www.loc.gov/standards/marcxml/schema/MARC21slim.xsd"
    xmlns="http://www.loc.gov/MARC21/slim">

  <leader>01011nam a2200229 a 4500</leader>
  <controlfield tag="001">65098</controlfield>
  <controlfield tag="003">BD-RjUL</controlfield>
  <controlfield tag="005">20211209081403.0</controlfield>
  <controlfield tag="008">170227s2006    bg a|||| |||| 000 0 ben d</controlfield>
  <datafield tag="020" ind1=" " ind2=" ">
    <subfield code="a">98444419202</subfield>
    <subfield code="c">: Tk. 400.00</subfield>
  </datafield>
  <datafield tag="035" ind1=" " ind2=" ">
    <subfield code="a">(BD-RjUL)65228</subfield>
  </datafield>
  <datafield tag="040" ind1=" " ind2=" ">
    <subfield code="a">BD-RjUL</subfield>
    <subfield code="b">ben</subfield>
    <subfield code="c">BD-RjUL</subfield>
    <subfield code="d">BD-RjUL</subfield>
  </datafield>
  <datafield tag="041" ind1=" " ind2=" ">
    <subfield code="a">ben</subfield>
  </datafield>
  <datafield tag="082" ind1=" " ind2=" ">
    <subfield code="2">23</subfield>
    <subfield code="a">891.441092</subfield>
    <subfield code="b">MAH 2006</subfield>
  </datafield>
  <datafield tag="245" ind1="1" ind2=" ">
    <subfield code="a">&#x9AE;&#x9BE;&#x9B9;&#x9AC;&#x9C1;&#x9AC; &#x989;&#x9B2; &#x986;&#x9B2;&#x9AE; &#x99A;&#x9CC;&#x9A7;&#x9C1;&#x9B0;&#x9C0; : </subfield>
    <subfield code="b">&#x98F;&#x995; &#x985;&#x9AC;&#x9BF;&#x9B8;&#x9CD;&#x9AE;&#x9B0;&#x9A3;&#x9C0;&#x9AF;&#x9BC; &#x995;&#x9AC;&#x9BF;&#x9A4;&#x9BE;&#x9B0; &#x99C;&#x9A8;&#x995; /</subfield>
    <subfield code="c">&#x9B0;&#x9AB;&#x9BF;&#x995;&#x9C1;&#x9B2; &#x987;&#x9B8;&#x9B2;&#x9BE;&#x9AE; &#x993; &#x985;&#x9A8;&#x9CD;&#x9AF;&#x9BE;&#x9A8;</subfield>
  </datafield>
  <datafield tag="260" ind1=" " ind2=" ">
    <subfield code="a">&#x9A2;&#x9BE;&#x995;&#x9BE; :</subfield>
    <subfield code="b">&#x9AA;&#x9BE;&#x9B2;&#x995; &#x9AA;&#x9BE;&#x9AC;&#x9B2;&#x9BF;&#x9B8;&#x9BE;&#x9B0;&#x9CD;&#x9B8;,</subfield>
    <subfield code="c">&#x9E8;&#x9E6;&#x9E6;&#x9EC; [&#x9E7;&#x9EA;&#x9E7;&#x9E9;]</subfield>
  </datafield>
  <datafield tag="300" ind1=" " ind2=" ">
    <subfield code="a">&#x9EA;&#x9E8;&#x9EE; &#x9AA;&#x9C3;. :</subfield>
    <subfield code="b">&#x99A;&#x9BF;&#x9A4;&#x9CD;&#x9B0;. ;</subfield>
    <subfield code="c">&#x9E7;&#x9EF; &#x9B8;&#x9C7;&#x9AE;&#x9BF;.</subfield>
  </datafield>
  <datafield tag="600" ind1=" " ind2=" ">
    <subfield code="a">&#x99A;&#x9CC;&#x9A7;&#x9C1;&#x9B0;&#x9C0;, &#x9AE;&#x9BE;&#x9B9;&#x9AC;&#x9C1;&#x9AC; &#x989;&#x9B2; &#x986;&#x9B2;&#x9AE; </subfield>
    <subfield code="d">&#x9E7;&#x9EF;&#x9E8;&#x9ED;-</subfield>
    <subfield code="x">&#x99C;&#x9C0;&#x9AC;&#x9A8;&#x9C0;</subfield>
    <subfield code="9">192845</subfield>
  </datafield>
  <datafield tag="600" ind1=" " ind2=" ">
    <subfield code="a">Chowdhury, Mahbub Ul Alam</subfield>
    <subfield code="d">1927-</subfield>
    <subfield code="x">Bioraphy</subfield>
    <subfield code="9">192846</subfield>
  </datafield>
  <datafield tag="700" ind1=" " ind2=" ">
    <subfield code="a">&#x987;&#x9B8;&#x9B2;&#x9BE;&#x9AE;, &#x9B0;&#x9AB;&#x9BF;&#x995;&#x9C1;&#x9B2; </subfield>
    <subfield code="9">170417</subfield>
  </datafield>
  <datafield tag="942" ind1=" " ind2=" ">
    <subfield code="2">ddc</subfield>
    <subfield code="c">BK</subfield>
  </datafield>
  <datafield tag="999" ind1=" " ind2=" ">
    <subfield code="c">65098</subfield>
    <subfield code="d">65098</subfield>
  </datafield>
  <datafield tag="952" ind1=" " ind2=" ">
    <subfield code="0">0</subfield>
    <subfield code="1">0</subfield>
    <subfield code="2">ddc</subfield>
    <subfield code="4">0</subfield>
    <subfield code="7">1</subfield>
    <subfield code="8">NFIC</subfield>
    <subfield code="a">RUCL</subfield>
    <subfield code="b">RUCL</subfield>
    <subfield code="c">Reading</subfield>
    <subfield code="d">2009-01-11</subfield>
    <subfield code="e">Roswon Ara Rahman</subfield>
    <subfield code="g">400.00</subfield>
    <subfield code="l">0</subfield>
    <subfield code="o">B 891.441092 MAH 2006</subfield>
    <subfield code="r">2017-02-27 00:00:00</subfield>
    <subfield code="t">C-1</subfield>
    <subfield code="w">2017-02-27</subfield>
    <subfield code="y">BK</subfield>
  </datafield>
</record>
